000 00896 a2200181 4500
001 445935
003 XX-XxUND
008 s2021 xx |||||||||||| ||||und d
020 _a9786075936145
035 _a9786075936145
100 1 _aAmérica Plata Luna
_eauthor
245 1 _aCriminología, criminalística y victimología
260 _aMéxico
_bMéxico
_c2021-07-03 17:37:05
520 _a1. Conceptos generales 2. Historia 3. Corrientes criminológicas 4. Criminología en México 5. Problemas criminológicos actuales 6. Conceptos fundamentales de criminalística 7. Estudios de caso
650 4 _aperitaje,bertillonaje,retrato hablado,balística,identificación,política social y derecho,delito,conducta antisocial,biología,penología,psicología,antropología
856 4 _uhttps://biblioteca.dikaia.com.mx/reader/criminologia-criminalistica-y-victimologia-1625352253
942 _cRAA
999 _c173868
_d173868